|
|
|
|
| LEADER |
00000naa2a2200000 4500 |
| 001 |
635329 |
| 005 |
20251225112241.0 |
| 035 |
|
|
|a (RuTPU)RU\TPU\conf\37175
|
| 035 |
|
|
|a RU\TPU\conf\37174
|
| 090 |
|
|
|a 635329
|
| 100 |
|
|
|a 20221226a2022 k y0rusy50 ca
|
| 101 |
0 |
|
|a rus
|
| 102 |
|
|
|a RU
|
| 135 |
|
|
|a drgn ---uucaa
|
| 181 |
|
0 |
|a i
|
| 182 |
|
0 |
|a b
|
| 200 |
1 |
|
|a Апериодическое звено как интегратор, охваченный обратной связью
|f А. С. Глазырин, С. С. Попов
|
| 203 |
|
|
|a Текст
|c электронный
|
| 225 |
1 |
|
|a Электромеханика и мехатроника
|
| 300 |
|
|
|a Заглавие с экрана
|
| 320 |
|
|
|a [Библиогр.: с. 64 (2 назв.)]
|
| 463 |
|
0 |
|0 (RuTPU)RU\TPU\conf\37109
|t Современные проблемы машиностроения
|o сборник трудов XV Международной научно-технической конференции, г. Томск, 22-25 ноября 2022 г.
|f Национальный исследовательский Томский политехнический университет (ТПУ) ; ред. кол. Е. Н. Пашков [и др.]
|v [С. 63-64]
|d 2022
|
| 610 |
1 |
|
|a электронный ресурс
|
| 610 |
1 |
|
|a труды учёных ТПУ
|
| 610 |
1 |
|
|a апериодическое звено
|
| 610 |
1 |
|
|a интеграторы
|
| 610 |
1 |
|
|a обратные связи
|
| 610 |
1 |
|
|a синтез
|
| 610 |
1 |
|
|a математические модели
|
| 610 |
1 |
|
|a системы управления
|
| 610 |
1 |
|
|a электрические приводы
|
| 700 |
|
1 |
|a Глазырин
|b А. С.
|c специалист в области электротехники
|c профессор Томского политехнического университета, доктор технических наук
|f 1978-
|g Александр Савельевич
|3 (RuTPU)RU\TPU\pers\26445
|9 12148
|
| 701 |
|
1 |
|a Попов
|b С. С.
|g Семен Семенович
|f 1998-
|c специалист в области электроэнергетики и электротехники
|c ассистент Томского политехнического университета
|y Томск
|7 ca
|8 rus
|9 89039
|
| 801 |
|
2 |
|a RU
|b 63413507
|c 20230126
|g RCR
|
| 856 |
4 |
|
|u http://earchive.tpu.ru/handle/11683/74368
|
| 942 |
|
|
|c CF
|